مزرعة الحيوانات / (Record no. 14075)
[ view plain ]
| 000 -الفاتح | |
|---|---|
| حقل البيانات ثابتة الطول | 01066nam a22002777a 4500 |
| 003 - محدد رقم الضبط | |
| رقم الضبط | EG-ScBUE |
| 005 - وقت وتاريخ اخر تعامل مع التسجيلة | |
| رقم الضبط | 20211121102305.0 |
| 008 - عناصر البيانات ثابتة الطول - معلومات عامة | |
| حقل البيانات ثابتة الطول | 100613s1978 ua f 000 1 aara d |
| 017 ## - رقم الإيداع القانونى | |
| رقم الإيداع القانونى | 78 / 4573 |
| 020 ## - الرقم الدولى المعيارى للكتب | |
| الرقم الدولى المعيارى للكتاب | 9777041772 |
| 040 ## - مصدر الفهرسة | |
| وكالة الفهرسة الأصلية | EG-ScBUE |
| لغة الفهرسة | ara |
| قواعد الوصف | rda |
| وكالة النسخ | EG-ScBUE |
| وكالة التعديل | EG-ScBUE |
| 082 04 - رقم تصنيف ديوى العشرى | |
| رقم التصنيف | 823.912 |
| رقم المادة | أ و ر |
| رقم الطبعة | 22 |
| 100 1# - المدخل الرئيسى - إسم شخصى | |
| 9 (RLIN) | 14710 |
| الإسم الشخصى | أورويل، جورج، |
| التواريخ المصاحبة للاسم | 1903-1950، |
| الدور | مؤلف. |
| 245 10 - بيان العنوان | |
| العنوان | مزرعة الحيوانات / |
| بيان المسئوليه,etc | كتبها الأديب الإنجليزي جورج أورويل ؛ يعرضها ويقدمها عبد الحميد الكاتب. |
| 264 #1 - النشر، التوزيع | |
| مكان الناشر او الموزع | القاهرة : |
| اسم الناشر او الموزع | دار أخبار اليوم، |
| تاريخ النشر أو التوزيع | 1978. |
| 300 ## - الوصف المادى | |
| التعداد | 160 صفحة ؛ |
| أبعاد الوعاء | 24 سم |
| 336 ## - نوع المحتوى | |
| source | rdacontent |
| Carrier Type Term | نص |
| Content Type Code | txt |
| 337 ## - نوع الوسيط | |
| source | rdamedia |
| Media Type Term | بدون وسيط |
| Media Type Code | n |
| 338 ## - نوع الحامل أو الناقل | |
| source | rdacarrier |
| Carrier Type Term | مجلد |
| Carrier Type Code | nc |
| 650 #7 - المدخل الاضافى بالموضوع-مصطلح موضوعى | |
| 9 (RLIN) | 13460 |
| مصطلح موضوعي أو اسم جغرافي كعنصر مدخل | القصص الإنجليزية |
| التقسيم الفرعي الزمني | قرن 20. |
| مصدر الرأس أو المصطلح | BUEsh |
| 651 ## - المدخل الاضافى بالموضوع - اسم جغرافى | |
| مصدر الرأس أو المصطلح | BUEsh |
| 653 ## - مصطلح تكشيفى غير مقيد | |
| Resource For college | Humanities: English |
| Arrived date list | November2021 |
| 655 ## - مصطلح تكشيفى-نوع/شكل | |
| التقسيم الفرعي الشكلي | Reading book |
| -- | 34232 |
| 700 1# - المدخل الاضافى - اسم شخصى | |
| 9 (RLIN) | 13663 |
| الإسم الشخصى | الكاتب، عبد الحميد، |
| الدور | مقدم. |
| 942 ## - عناصر المدخل الإضافي( كوها) | |
| مصدر التصنيف او مخطط الترفيف | Dewey Decimal Classification |
| Koha [default] item type | Book - Borrowing |
| حالة التراجع | حالة الفقد | مصدر التصنيف او خطة الترفيف | حالة تلف | ليس للاعارة | مجموعات كوها | المكان الدائم | المكان الحالي | موقع الترفيف | تاريخ الاكتساب | Source of acquisition | رقم الاستدعاء | الباركود | Date last seen | مُعار | نوع الوعاء |
|---|---|---|---|---|---|---|---|---|---|---|---|---|---|---|---|
| Dewey Decimal Classification | Donation-Gift | Central Library | Central Library | Second Floor | 13/06/2010 | Donation | 823.912 أ و ر | 000020983 | 15/07/2025 | 04/11/2017 | Book - Borrowing |